Teoría electromagnética /
Guardado en:
| Autor Principal: | |
|---|---|
| Otros Autores: | |
| Formato: | Libro |
| Idioma: | Spanish English |
| Publicado: |
México, D.F. :
McGraw-Hill/Interamericana,
c2006.
|
| Edición: | 7a. ed. |
| Materias: | |
| Acceso en línea: | Material de ayuda |
| Etiquetas: |
Agregar Etiqueta
Sin Etiquetas, Sea el primero en etiquetar este registro!
|
| LEADER | 01866nam a22003495a 4500 | ||
|---|---|---|---|
| 001 | EUN.eunm001355 | ||
| 005 | 20160829113359.0 | ||
| 008 | 070719s2006####mx#a#####b####001#0#spa#d | ||
| 020 | |a 9701056205 | ||
| 020 | |a 9789701056202 (ISBN-13) | ||
| 020 | |a 0073080136 (CD-ROM) | ||
| 041 | 1 | |a spa |h eng | |
| 082 | 0 | 4 | |a 537.12 |2 15 |
| 100 | 1 | |a Hayt, William Hart, |d 1920- | |
| 245 | 1 | 0 | |a Teoría electromagnética / |c William H. Hayt, Jr., John A. Buck ; traducción, Carlos Roberto Cordero Pedraza ; revisión técnica, Gustavo Pérez L. |
| 250 | |a 7a. ed. | ||
| 260 | |a México, D.F. : |b McGraw-Hill/Interamericana, |c c2006. | ||
| 300 | |a xxi, 582 p. : |b il. ; |c 24 cm. + |e 1 CD-ROM. | ||
| 500 | |a Traducción de: Engineering electromagnetics; publicado por McGraw-Hill, c2006. | ||
| 504 | |a Incluye referencias bibliográficas e índice. | ||
| 538 | |a Requisitos del sistema para el disco complementario: Windows, Pentium II, 64MB, Windows 98, Microsoft Internet Explorer 5.x or Netscape 4.7; Macintosh, Power Macintosh G3, 64MB, OS 9.x, Microsoft Internet Explorer 5.1 or Netscape 4.8.; browser plug-ins: Macromedia Flash player, Macromedia Shockwave player. | ||
| 546 | |a Texto en español; CD-ROM en inglés. | ||
| 650 | 7 | |a Física. |2 unbist | |
| 653 | |a Teoría electromagnética | ||
| 700 | 1 | |a Buck, John A. | |
| 856 | 4 | 2 | |u http://www.mhhe.com/haytbuck |y Material de ayuda |
| 859 | |a AR-BaUNS |b BIB. CENTRAL - Sector A |h 537.12 |i H335-1a7 |p 118066/007 | ||
| 859 | |a AR-BaUNS |b BIB. CENTRAL - Sector A |h 537.12 |i H335-1a7 |p 118067/007 |t Ej.2 | ||
| 859 | |a AR-BaUNS |b BIB. CENTRAL - Sector A |h 537.12 |i H335-1a7 |p 118068/007 |t Ej.3 | ||
| 859 | |a AR-BaUNS |b BIB. CENTRAL - Sector A |h 537.12 |i H335-1a7 |p 118442/007 |t Ej.4 | ||
| 859 | |a AR-BaUNS |b BIB. CENTRAL - Sector A |h 537.12 |i H335-1a7 |p 118443/007 |t Ej.5 | ||
| 859 | |a AR-BaUNS |b BIB. CENTRAL - Sector A |h 537.12 |i H335-1a7 |p 118866/008 |t Ej.6 | ||
